Odhady a testy parametra "pí" binomického rozdelenia v programovom systéme STATGRAPHICS

Gespeichert in:
Bibliographische Detailangaben
1. Verfasser: Sipková, Ľubica, 1962-
Format: Buchkapitel
Sprache:Slowakisch
Tags: Tag hinzufügen
Keine Tags, Fügen Sie das erste Tag hinzu!

MARC

LEADER 00000naa$a2200000$$$4500
001 0111521
005 20240502072232.3
041 0 |a slo 
044 |a SK 
245 1 0 |a Odhady a testy parametra "pí" binomického rozdelenia v programovom systéme STATGRAPHICS  |c Ľubica Sipková 
100 1 |a Sipková, Ľubica, 1962-